| 000 | 00626 a2200181 4500 | ||
|---|---|---|---|
| 999 |
_c5215 _d5215 |
||
| 020 | _a9780198791119 | ||
| 050 | 0 | 0 | _aLC 3715 LOU 2018 |
| 100 | 1 |
_aCoulmas, Florian, _eAuthor |
|
| 245 | 1 | 3 |
_aAn introduction to multilingualism : _blanguage in a changing world / _cFlorian Coulmas |
| 264 | 1 |
_aNew York : _bOxford University Press, _c2018. |
|
| 300 |
_axix, 320p. ; _bill. |
||
| 440 | _aOxford linguistics | ||
| 500 | _aIncludes index | ||
| 650 | 0 | _aMultilingualism. | |
| 650 | 0 | _aSociolinguistics. | |
| 942 |
_2lcc _cBK _h3715 _iLOU _kLC |
||